000 00438nam a2200181Ia 4500
001 483
005 20260306140521.0
008 260306t2012||||xx |||||||||||||| ||spa||
041 _aESP
082 _a121
_bM98
100 _aMusso, Paolo
_eAUT
245 0 _aFormas de la epistemología contemporánea :
_bentre realismo y anti-realismo
260 _c2012
300 _a
_c
650 _aGEN
654 _aCHU
942 _cLIB
_dJUS
_fJUS
_2ddc
_n
999 _c483
_d483